La iniciativa privada como instrumento de desarrollo infraestructural en la Argentina : a la luz del decreto N° 966/2005 /
Guardado en:
| Autor Principal: | |
|---|---|
| Otros Autores: | |
| Formato: | Libro |
| Idioma: | Spanish |
| Publicado: |
Buenos Aires :
RAP,
2009.
|
| Edición: | 1a. ed. |
| Series: | Thesis
|
| Materias: | |
| Etiquetas: |
Agregar Etiqueta
Sin Etiquetas, Sea el primero en etiquetar este registro!
|
| LEADER | 00613nam a22001815a 4500 | ||
|---|---|---|---|
| 001 | DER.der014493 | ||
| 008 | 191122s2009####ag############000#0#spa#d | ||
| 005 | 20241106082407.0 | ||
| 245 | 1 | 0 | |a La iniciativa privada como instrumento de desarrollo infraestructural en la Argentina : |b a la luz del decreto N° 966/2005 / |c Ricardo Muñoz. |
| 250 | |a 1a. ed. | ||
| 260 | |a Buenos Aires : |b RAP, |c 2009. | ||
| 300 | |a 159 p. | ||
| 490 | 0 | |a Thesis | |
| 020 | |a 9789871313518 | ||
| 100 | 1 | |a Muñoz, Ricardo A. | |
| 700 | 1 | |a Merthekian, Eduardo, |e prol. | |
| 650 | 7 | |a DERECHO ADMINISTRATIVO | |
| 859 | |a DERECHO |b BIB. DERECHO |h 338.9 |i MUÑ |p 009772 | ||
